000 01350nam2a22002531 4500
001 v19\rc\1224029
005 20260406065808.0
035 _a(NLR Aleph) 005196344
090 _a5264295
_c5264295
100 _a20060306d1883 |||y0rusy50 ca
101 0 _arus
102 _aRU
105 _ae z |||||
200 1 _aСанитарное исследование фабричных заведений Московского уезда
_hЧ. 3
_f[Соч.] Ф.Ф. Эрисмана
210 _d1883
_aБ. м.
215 _aIV, II, 293, 87 с., 23 л. план.
461 0 _1001v19\rc\1224016
_12001#$aСборник статистических сведений по Московской губернии$eОтдел санитарной статистики$vТ. 3. Вып. 9
_95264179
_cМосква
_d1877-1902
_fОтдел санитарной статистики
_nМосковское губернское земство
_tСборник статистических сведений по Московской губернии
_vТ. 3. Вып. 9
700 1 _8rus
_7ca
_aЭрисман
_bФ.Ф.
_f1842-1915
_gФедор Федорович
_3RU\NLR\AUTH\7715234
_9124892
801 2 _aRU
_bNLR
_c20071011
_2rusmarc
801 0 _aRU
_bNLR
_c20060306
_gpsbo
801 1 _aRU
_bProSoft-M
_c20060306
_2rusmarc
852 _aNLR
_bЗем
_j21/3
942 _cBOOK
980 _aNB